Quick Pick: Tony-Winning Musicals II Quiz Stats

 Plays Quiz not verified by Sporcle

Support Sporcle.
Go Orange.
Score 0/20 Timer 01:30
0 Plays Today
% Correct
Fair
94%
Music
93.7%
Angels
93%
Todd
92.7%
Guys
92.7%
Fiddler
92.7%
Crazy
92%
Mancha
91.3%
Boys
91.3%
Happened
90.7%
% Correct
Elliot
90.3%
Kinky
90.3%
Kate
88.7%
Avenue
86%
Spider
82.7%
Modern
81%
Game
80%
Cage
77.3%
Night
75.7%
Fun
72.3%

You're not logged in!

Compare scores with friends on all Sporcle quizzes.
OR
Log In

From the Vault

Either/Or in 30: Music Artists

by MSUKent

Time to show this quiz who's boss.
Remove Ads.
Support Sporcle.
Get the best of Sporcle when you Go Orange. This ad-free experience offers more features, more stats, and more fun while also helping to support Sporcle. Thank you for becoming a member.

Show Comments

Extras

Top Quizzes Today


Score Distribution

Your Account Isn't Verified!

In order to create a playlist on Sporcle, you need to verify the email address you used during registration. Go to your Sporcle Settings to finish the process.

Report this User

Report this user for behavior that violates our Community Guidelines.

Details: